| 000 | 00519nmm a22001817a 4500 | ||
|---|---|---|---|
| 005 | 20160520084738.0 | ||
| 008 | 150618b xxu||||| |||| 00| 0 spa d | ||
| 041 | _aspa | ||
| 082 | _aDE 88 | ||
| 100 |
_aObando Granados, Fabio _99890 |
||
| 245 | _aInforme de práctica supervisada realizado en Sistema Financiero Administrativo de JASEC | ||
| 260 | _c2015 | ||
| 650 |
_aCOSTA RICA _99896 |
||
| 650 |
_aDIRECCIÓN DE EMPRESAS _917 |
||
| 650 |
_aRECURSOS HUMANOS _99897 |
||
| 650 |
_aDOCUMENTACIÓN _99893 |
||
| 942 | _cIP | ||
| 999 |
_c8092 _d8092 |
||